00875nam a22002417a 45000050016000000100015000160200027000310200024000580350013000820370013000950820010001081000026001182450106001442600034002502700059002843000031003435000019003746500030003937000032004239420024004559990017004799520137004962010081406246.0 aENG-100260 a9788176257473c1050.00 a8176257478c1050.00 aEN-83792 bDBAD/PUB a230.8 aMisra, Narayan914222 aAnnals and antiquities of the temple of jagannatha /cby Narayan Misra; edited by Durga Nandan Mishra aNew DelhibSarup & Sonsc2007 a4740/23, Ansari Rioad, Darya Ganj, bNew Delhie110002 ax,185p.c24cm (Hb)ephotos aincludes index aTemple, Jagannatha914223 aMishra, Durga Nandan913394 2ddccENh230.8mMIS c41912d41912 001040718NFICaDBADbDBADd2010-08-14eDBAD/PUBg1050.00l0o230.8 MISpEN-83792r2010-08-14 00:00:00t1v1050.00w2010-08-14yEN